000 01194nam a22002777a 4500
999 _c63346
_d63346
005 20240530110635.0
008 170925s2013 ua h f b 000 0dara d
017 _a2013/14917
_bمصر. دار الكتب
020 _a9789777184557
040 _aEG-CaGPL
_cEG-CaGPL
082 0 4 _221
_a333.7846 /
_bم م
100 0 _aمصطفى فوده
245 1 0 _aمحمياتنا الطبيعية /
_cمصطفى فوده
260 _aالقاهرة :
_c2013.
_bوزارة الثقافة : الهيئة العامة لقصور الثقافة ،
300 _a503 ص. :
_bصور ؛
_c19 سم.
490 0 _aسلسلة الثقافة الرقمية ؛
_v10
650 0 7 _2qrmak
_aالمحميات الطبيعية
651 _2qrmak
653 0 4 _aالمحميات الطبيعية - التنوع البيولوجى
653 0 4 _aالمحميات الطبيعية - التنمية المستديمة
653 0 4 _aالمحميات الطبيعية - التغيرات المناخية
653 0 4 _aالمحميات الطبيعية - حقوق الانسان
653 0 4 _aالمحميات الطبيعية - الاتفافات الدولية
942 _2ddc
_cBK